000 01019nam a2200181Ia 4500
008 100920s9999 xx 000 0 und d
082 _b63713
_a61 थ 54
100 _a---
245 _aमुंबई राज्याची पहिली पंचवार्षिक योजना उत्तर सातारा जिल्हा.
260 _bमुंबई सरकारच्या प्रसिध्दी खात्याकडून प्रकाशित.
_c1954
300 _a183
_bसाधी
365 _b0.25
520 _aस्थानिक वाचन.
630 _aमुंबई राज्याची पहिली पंचवार्षिक योजना उत्तर सातारा जिल्हा.
650 _aस्थानिक वाचन.
730 _aमुंबई राज्याची पहिली पंचवार्षिक योजना उत्तर सातारा जिल्हा.
942 _cBOOK
999 _c706793
_d706790